00357nam a2200157Ia 4500008004100000020001800041245002700059245001500086260001500101260001600116260000900132300001500141300002500156300001000181500000800191170705s9999 xx 000 0 und d a9780439844130 aBike boy's scrapbook / cEli Evans. aNew York : bScholastic, c2006 a16 pages : bcolor illustration ; c19cm. a440